000 00716nam a2200229 i 4500
001 30274
003 ES-MaACL
005 20230906154151.0
007 t|
008 030124s1975 sp ||||1| spa d
100 1 _aBarraquer Bordas, L.
_925855
245 1 0 _aPatología vascular cerebral /
_cL. Barraquer Bordas, Josep M. Grau i Veciana, Jaume Pere i Serra.
250 _a1ª ed. reimp.
260 _aBarcelona :
_bEdiciones 62,
_c[1975]
300 _a202 P. :
_bil. ;
_c20 cm.
490 1 _aMonografies mèdiques
700 0 _aGrau Veciana, J. M.
_959760
700 0 _aPeres Serra, J.
_990531
830 0 _aMonografies mèdiques
_9181329
852 _aES-MaACL
_jE-8648
_bR.93078
999 _c30274
_d30274